000 00934nam a2200217Ia 4500
999 _c39673
_d39673
001 6276
003 GE_BSU
005 20191118173925.0
008 181216s1986||||ge |||||||||||||| ||geo||
040 _cGE_BSU
041 _ageo
080 _a821.353.1-1 ბ-25
100 _aბარათაშვილი, მარინა.
_95414
245 _aფიქრები, გზა და ყაყაჩოები :
_bლექსები /
_cმარინა ბარათაშვილი ; რედ. ი .შაიშმელაშვილი.
264 _aთბილისი :
_bსაბჭ.საქართველო,
_c1986.
300 _a136 გვ. ;
_c20 სმ.
653 _aლექსები
653 _aფიქრები, გზა და ყაყაჩოები
700 _aშაიშმელაშვილი, ი.
_eრედაქტორი
_95415
942 _cBK
_2udc